000 00816nam a2200241Ii 4500
003 JO-AjNU
005 20250722101918.0
008 230605s9999||||xx |||||||||||||| ||und||
017 _a2014/2/829
040 _aJO-AjNU
_bara
_erda
_cJO-AjNU
041 _aara
050 1 4 _aBJ1291.Q3222.2019
100 3 _aالقضاة، احمد مصطفى ,
_eauthor
_962173
245 0 0 _aعندما تحكم القيم الزائفة !/
_cاعداد احمد مصطفى القضاة
250 _aالطبعة الاولى
264 3 1 _aعمان : المؤلف، 2012
300 _a102ص
336 _atext
_btxt
_2rdacontent
337 _aunmediated
_bn
_2rdamedia
338 _avolume
_bnc
_2rdacarrier
650 4 _aالاخلاق الاسلامية-القيم-المشاكل الاجتماعية
_962174
942 _2lcc
_cBK
999 _c31709
_d31709